Guess the WWE Wrestler - Statistics

General Stats
  • This quiz has been taken 187 times
  • The average score is 14 of 15
Answer Stats
Picture Answer % Correct
Triple H
100%
The Rock
99%
The Undertaker
99%
Big Show
98%
Hulk Hogan
98%
John Cena
98%
Randy Orton
97%
Brock Lesnar
96%
Kurt Angle
96%
Batista
95%
Stone Cold Steve Austin
95%
Chris Jericho
94%
Sheamus
94%
Jeff Hardy
93%
CM Punk
92%
No matching quizzes found
Score Distribution
Percent of People with Each Score
Percentile by Number Answered
Your Score History
You have not taken this quiz